The Declaration of the merchants, bankers, traders and other inhabitants of London and its neighbourhood : London, July 26, 1803 /

Bibliographic Details
Format: eBook
Language:English
Series:Making of the modern world (Goldsmiths'-Kress Library of Economic Literature)
Subjects:
Online Access:Connect to the full text of this electronic book

MARC

Tag First Indicator Second Indicator Subfields
LEADER 00000cam a2200000Ia 4500
001 in00002261663
005 20190326184253.0
006 m | d |
007 cr |n||||||||n
008 870413s1803 enk s 000 0 eng d
040 |a DLM  |c GKR  |d OCL  |d Thomson Gale  |d UtOrBLW 
043 |a e-uk-en 
245 0 4 |a The Declaration of the merchants, bankers, traders and other inhabitants of London and its neighbourhood :  |b London, July 26, 1803 /  |c Jacob Bosanquet, chairman. 
264 3 |a London :  |b Printed for J. Asperne, by W. Lane,  |c [1803] 
300 |a 1 broadside. 
336 |a text  |b txt  |2 rdacontent 
337 |a computer  |b c  |2 rdamedia 
338 |a online resource  |b cr  |2 rdacarrier 
500 |a Text of declaration of loyalty proposed and resolved at meeting. 
500 |a Reproduction of original from Goldsmiths' Library, University of London. 
500 |a Goldsmiths'-Kress number 18766. 
510 4 |a OCLC,  |c 15524372 
533 |a Electronic reproduction.  |b Farmington Hills, Mich. :  |c Thomson Gale,  |d 2005.  |f (The making of the modern world).  |n Available via the World Wide Web.  |n Access limited to licensing agreements.  |7 s2005 miunns 
500 |a Electronic resource. 
650 0 |a Allegiance  |z England  |z London. 
655 0 |a Electronic books. 
830 0 |a Making of the modern world (Goldsmiths'-Kress Library of Economic Literature) 
856 4 0 |u http://proxy.library.tamu.edu/login?url=http://galenet.galegroup.com/servlet/MOME?af=RN&ae=U102834322&srchtp=a&ste=14&locID=txshracd2898  |z Connect to the full text of this electronic book  |t 0 
999 |a MARS 
999 f f |s ab048ee2-acab-323b-936b-5a2337869115  |i f436cfcc-301f-3217-b812-02e1e935b31f  |t 0 
952 f f |a Texas A&M University  |b College Station  |c Electronic Resources  |d Available Online  |t 0  |h No information provided 
998 f f |t 0  |l Available Online